00689 2200253 4500001002100000005001700021008004100038020001800079035002400097082001000121090001700131100002300148245006900171250001800240260003400258300002800292500002600320650002700346850001500373980001100388985000600399999001500405999001500420YOGYA-0209000000472020090227020734.0 ind  a979-533-165-5 0010-020900000004720 a005.4 a005.4bPut T aPUTRAJAYA, Ikhwani aTeknik pemrograman aplikasiprint from keybordcIchwani Putrajaya aEd. 1, cet. 1 aYogyakartabAndi Offsetc1993 avi, 91 hlmbilusc23 cm aBibliografi : hlm. 87 aPemrograman (Komputer) aYOPDYOG(B) a090505 a2 a97P0103082 a99P0103083